LEADER 00971nam0-2200325---450- 001 990009079690403321 005 20100129114406.0 035 $a000907969 035 $aFED01000907969 035 $a(Aleph)000907969FED01 035 $a000907969 100 $a20090727d1976----km-y0itay50------ba 101 0 $aita 102 $aIT 105 $ay-------001yy 200 1 $a<>crisi musicale europea$fGiannotto Bastianelli$g"Invito alla lettura" di Gianandrea Gavazzeni 210 $aFirenze$cVallecchi$d1976 215 $aXXV, 202 p.$d18 cm 225 1 $aBiblioteca Vallecchi 610 0 $aMusica$aEstetica 676 $a781.17 700 1$aBastianelli,$bGiannotto$f<1883-1927>$0315884 702 1$aGavazzeni,$bGianandrea$f<1909-1996> 801 0$aIT$bUNINA$gRICA$2UNIMARC 901 $aBK 912 $a990009079690403321 952 $a781.17 BAS 1$b30388 Ist. Fil. Mod.$fFLFBC 959 $aFLFBC 996 $aCrisi musicale europea$9784773 997 $aUNINA LEADER 02469nam 2200625 450 001 9910554257503321 005 20230629233316.0 010 $a3-11-063102-4 010 $a3-11-063159-8 024 7 $a10.1515/9783110631593 035 $a(CKB)5590000000532531 035 $a(DE-B1597)506718 035 $a(DE-B1597)9783110631593 035 $a(MiAaPQ)EBC6697119 035 $a(Au-PeEL)EBL6697119 035 $a(OCoLC)1263872348 035 $a(OCoLC)1259447499 035 $a(EXLCZ)995590000000532531 100 $a20220426d2021 uy 0 101 0 $aeng 135 $aur||#|||||||| 181 $ctxt$2rdacontent 182 $cc$2rdamedia 183 $acr$2rdacarrier 200 10$a¹H NMR handbook of natural products$hVolume 4$iMonoterpenoids and sesquiterpenoids. /$fHailin Qin and Dequan Yu 210 1$aBerlin, Germany :$cDe Gruyter,$d[2021] 210 4$d©2021 215 $a1 online resource (VIII, 358 p.) 225 0 $a¹H NMR Handbook of Natural Products ;$vVolume 4 311 $a3-11-063078-8 327 $tFrontmatter --$tContents --$tList of Participants --$t8 Monoterpenoids --$t9 Sesquiterpenoids --$tIndex of compound names --$tIndex of molecular formula of compounds 330 $aThis 6 volume set presents a groundbreaking resource in this branch of natural organic compounds and demonstrates how proton nuclear magnetic resonance (NMR) spectroscopy can be manipulated in structures of natural organic compounds. The book covers 17 kinds amounting to over 10,000 natural organic compounds. The 4th volume mainly illustrates the molecular formula and structures of monoterpenoids, sesquiterpenoids, and diterpenoids. 517 0 $a1H NMR handbook of natural products. 606 $aTerpenes$xAnalysis 606 $aSesquiterpenes$xAnalysis 606 $aNuclear magnetic resonance spectroscopy 610 $aAnalytical Chemistry. 610 $aMonoterpenoids. 610 $aNMR Spectroscopy. 610 $aNMR. 610 $aNatural Products. 610 $aSesquiterpenoids. 615 0$aTerpenes$xAnalysis. 615 0$aSesquiterpenes$xAnalysis. 615 0$aNuclear magnetic resonance spectroscopy. 676 $a661.806 700 $aQin$b Hailin$01217481 702 $aYu$b Dequan$f1932- 801 0$bMiAaPQ 801 1$bMiAaPQ 801 2$bMiAaPQ 906 $aBOOK 912 $a9910554257503321 996 $aH NMR handbook of natural products$92836476 997 $aUNINA LEADER 06369nam 22006492 450 001 9910424957203321 005 20231206220151.0 010 $a1-64189-944-1 010 $a1-942401-35-3 024 7 $a10.1515/9781942401353 035 $a(CKB)3790000000550159 035 $a(DE-B1597)528896 035 $a(OCoLC)1089008515 035 $a(DE-B1597)9781942401353 035 $a(OCoLC)1017000176 035 $a(MdBmJHUP)muse60256 035 $a(UkCbUP)CR9781942401353 035 $a(MiAaPQ)EBC5718284 035 $a(MiAaPQ)EBC5193610 035 $a(EXLCZ)993790000000550159 100 $a20201011d2017|||| uy| 0 101 0 $aeng 135 $aur||||||||||| 181 $ctxt$2rdacontent 182 $cc$2rdamedia 183 $acr$2rdacarrier 200 00$aDigital techniques for documenting and preserving cultural heritage /$fedited by Anna Bentkowska-Kafel and Lindsay MacDonald$b[electronic resource] 210 1$aKalamazoo :$cArc Humanities Press,$d2017. 215 $a1 online resource (xliv, 325 pages) $cdigital, PDF file(s) 225 0 $aCollection Development, Cultural Heritage, and Digital Humanities 300 $aTitle from publisher's bibliographic system (viewed on 29 Jan 2021). 311 $a1-942401-34-5 320 $aIncludes bibliographical references and index. 327 $aIntroduction / Anna Bentkowska-Kafel -- Part I. COSCH case studies -- An interdisciplinary discussion of the terminologies used in cultural heritage research / Vera Moitinho de Almeida, Stefanie Wefers, and Orla Murphy -- From a buried fragment to the virtual artefact: a case study of Greek pottery / Despoina Tsiafaki, Anestis Koutsoudis, Natasa Michailidou, and Fotis Arnaoutoglou -- Beyond photography: an interdisciplinary, exploratory case study in the recording and examination of Roman silver coins / Anna Bentkowska-Kafel, Vera Moitinho de Almeida, Lindsay MacDonald, Julio M. del Hoyo-Mele?ndez, and Aurore Mathys -- Wall paintings in the Cha?teau de Germolles: an interdisciplinary project for the rediscovery of a unique fourteenth-century decoration / Christian Degrigny and Francesca Pique? with contributions from Marco Cucchi, Vincent Detalle, Jean-Philippe Farrugia, Gae?tan Le Goi?c, Alamin Mansouri, Dominique Martos-Levif, Fre?de?ric Me?rienne, Aure?lie Mounier, Anthony Pamart, Cristina Tedeschi, Jean-Marc Vallet, and Stefanie Wefers -- A 4d virtual presentation of the White Bastion Fortress in Sarajevo / Selma Rizvic -- Digitization of cultural heritage at the National Museum of Romanian History, Bucharest / Irina Mihaela Ciortan -- Bremen Cog: three recording techniques for one object / Amandine Colson and Levente Tamas -- A study of spectral imaging acquisition and processing for cultural heritage / Sony George, Jon Y. Hardeberg, Joa?o Linhares, Lindsay MacDonald, Cristina Montagner, Se?rgio Nascimento, Marcello Picollo, Ruven Pillay, Tatiana Vitorino, and E. Keats Webb -- Ontology-based structuring of spectral and spatial recording strategies for cultural heritage assets: background, state of affairs, and future perspectives / Ashish Karmacharya and Stefanie Wefers -- Communicating interdisciplinary scholarship: conclusions from COSCH / Anna Bentkowska-Kafel with contribution from Frank Boochs -- Part II. Methods and technologies -- 3d depth sensing / George Pavlidis and Santiago Royo -- 3d laser scanning / Mona Hess with contribution from Ahmad Baik -- Augmented reality / Jean-Philippe Farrugia and Fre?de?ric Merienne -- Digital storytelling / Selma Rizvic -- Focus stacking / Aurore Mathys and Jonathan Brecko -- Hyperspectral imaging / Andra?s Jung -- Laser-Induced Breakdown Spectroscopy (LIBS) / Vincent Detalle with contributions from Dominique Martos-Levif, Barbara Trichereau, Didier Brissaud, Stephanie Duche?ne, and Xueshi Bai -- Multiple view stereovision / Christos Stentoumis -- Photogrammetry / Julien Guery, Mona Hess, and Aurore Mathys -- Reflectance transformation imaging / Lindsay MacDonald -- Structure from motion / Mona Hess and Susie Green -- Structured light 3d scanning / Dirk Rieke-Zapp and Santiago Royo -- Total station surveying / Massimiliano Ditta and Amandine Colson -- X-Ray Fluorescence (XRF) spectrometry / Julio M. del Hoyo-Mele?ndez. 330 $aIn this unique collection the authors present a wide range of interdisciplinary methods to study, document, and conserve material cultural heritage. The methods used serve as exemplars of best practice with a wide variety of cultural heritage objects having been recorded, examined, and visualised. The objects range in date, scale, materials, and state of preservation and so pose different research questions and challenges for digitization, conservation, and ontological representation of knowledge. Heritage science and specialist digital technologies are presented in a way approachable to non-scientists, while a separate technical section provides details of methods and techniques, alongside examples of notable applications of spatial and spectral documentation of material cultural heritage, with selected literature and identification of future research. This book is an outcome of interdisciplinary research and debates conducted by the participants of the COST Action TD1201, Colour and Space in Cultural Heritage, 2012-16 and is an Open Access publication available under a CC BY-NC-ND licence. 517 3 $aDigital Techniques for Documenting & Preserving Cultural Heritage 606 $aCultural property$xDigitization 606 $aDigital preservation 606 $aHistoric preservation$xTechnological innovations 606 $aCultural property$xProtection$xTechnological innovations 610 $aCultural heritage. 610 $aDigital Humanities. 610 $aDocumentation. 610 $aScience. 615 0$aCultural property$xDigitization. 615 0$aDigital preservation. 615 0$aHistoric preservation$xTechnological innovations. 615 0$aCultural property$xProtection$xTechnological innovations. 676 $a025.8/4 702 $aBentkowska-Kafel$b Anna 702 $aMacDonald$b L. W$g(Lindsay W.),$f1950- 801 0$bUkCbUP 801 1$bUkCbUP 906 $aBOOK 912 $a9910424957203321 996 $aDigital techniques for documenting and preserving cultural heritage$92034520 997 $aUNINA